| 000 | 00434nam a22001697a 4500 | ||
|---|---|---|---|
| 999 |
_c1482 _d1482 |
||
| 005 | 20210911095519.0 | ||
| 008 | 160523b xxu||||| |||| 00| 0 eng d | ||
| 020 | _a978-81-317-2626-6 | ||
| 041 | _aeng | ||
| 082 | _b4451 | ||
| 100 |
_aHoffer Jaffery A & Others _91090 |
||
| 245 | _aModern Data Base Mgt Systems | ||
| 260 |
_aNew Delhi _bAcademic Faundation |
||
| 300 | _a650 | ||
| 650 |
_aInformation Technology _9137 |
||
| 942 | _cBK | ||